[Event "Shepetivka op"]
[Site "Shepetivka"]
[Date "2011.08.18"]
[Round "4"]
[White "Polishchuk, Oleg"]
[Black "Khabinets, Ivan"]
[Result "1/2-1/2"]
[WhiteElo "2215"]
[BlackElo "2203"]
[PlyCount "125"]
[EventDate "2011.08.17"]
[EventType "swiss"]
[EventRounds "9"]
[EventCountry "UKR"]
[SourceTitle "EXT 2012"]
[Source "ChessBase"]
[SourceDate "2011.11.24"]
[SourceVersion "1"]
[SourceVersionDate "2011.11.24"]
[SourceQuality "1"]

1. d4 Nf6 2. c4 g6 3. Nc3 Bg7 4. e4 0-0 5. Be3 d6 6. f3 Nc6 7. Nge2 a6 8. Qd2 Rb8 9. Rc1 Bd7 10. d5 Na5 11. Nd4 c5 12. Nc2 b5 13. cxb5 axb5 14. b4 cxb4 15. Nxb4 Nc4 16. Bxc4 bxc4 17. Nc6 Bxc6 18. dxc6 Qc7 19. Nd5 Nxd5 20. Qxd5 c3 21. 0-0 Rfc8 22. Rb1 Rxb1 23. Rxb1 c2 24. Rb7 Qxc6 25. Qxc6 Rxc6 26. Rb8+ Bf8 27. Bc1 f5 28. Kf2 Kf7 29. Ke2 Bg7 30. Rb4 fxe4 31. fxe4 Ke6 32. Kd3 Rc3+ 33. Kd2 Rc5 34. Kd3 Be5 35. h3 Rc3+ 36. Kd2 Rg3 37. Kxc2 Rxg2+ 38. Kb1 Rh2 39. a4 d5 40. a5 Rf2 41. a6 Rf8 42. exd5+ Kxd5 43. Rb5+ Ke4 44. Rb7 Bd6 45. Bg5 Ra8 46. Bxe7 Rxa6 47. Bxd6 Rxd6 48. Rxh7 Kf5 49. Kc2 g5 50. Rc7 Rd4 51. Rf7+ Ke4 52. Rf1 Rd6 53. Rg1 Kf4 54. Rg4+ Kf5 55. Rg3 Rd4 56. Kc3 Rf4 57. Kd3 Kg6 58. Ke2 Kh5 59. Rc3 Kh4 60. Rb3 Ra4 61. Kf2 Ra2+ 62. Kg1 Re2 63. Rc3 1/2-1/2

[Event "Shepetivka op"]
[Site "Shepetivka"]
[Date "2011.08.17"]
[Round "1"]
[White "Bakuta, Natalia"]
[Black "Polishchuk, Oleg"]
[Result "0-1"]
[WhiteElo "1794"]
[BlackElo "2215"]
[PlyCount "56"]
[EventDate "2011.08.17"]
[EventType "swiss"]
[EventRounds "9"]
[EventCountry "UKR"]
[SourceTitle "EXT 2012"]
[Source "ChessBase"]
[SourceDate "2011.11.24"]
[SourceVersion "1"]
[SourceVersionDate "2011.11.24"]
[SourceQuality "1"]

1. d4 d5 2. c4 e6 3. Nf3 c6 4. Nc3 dxc4 5. e3 b5 6. a4 Bb4 7. Bd2 a5 8. Be2 Nf6 9. Qc2 0-0 10. Ne5 Bb7 11. Bf3 Qb6 12. 0-0 Nbd7 13. Nxd7 Nxd7 14. Rad1 Nf6 15. Bc1 Rfc8 16. e4 Bxc3 17. Qxc3 b4 18. Qxc4 Ba6 19. Qc2 Bxf1 20. Kxf1 c5 21. dxc5 Qxc5 22. Qxc5 Rxc5 23. Be3 Rc2 24. Bd4 Rac8 25. Ke1 Nd7 26. e5 Nc5 27. Be2 Nxa4 28. Bd3 Rxb2 0-1

[Event "Myrhorod op"]
[Site "Myrhorod"]
[Date "2011.07.13"]
[Round "8"]
[White "Konovalova, Vera"]
[Black "Polishchuk, Oleg"]
[Result "1/2-1/2"]
[WhiteElo "2029"]
[BlackElo "2215"]
[PlyCount "210"]
[EventDate "2011.07.09"]
[EventType "swiss"]
[EventRounds "9"]
[EventCountry "UKR"]
[SourceTitle "CBM 143 Extra"]
[Source "ChessBase"]
[SourceDate "2011.08.29"]
[SourceVersion "1"]
[SourceVersionDate "2011.08.29"]
[SourceQuality "1"]

1. d4 d5 2. Nf3 c6 3. e3 Bg4 4. Be2 e6 5. b3 Nd7 6. Bb2 f5 7. Nbd2 Ngf6 8. 0-0 Be7 9. c4 h6 10. h3 Bxf3 11. Nxf3 Ne4 12. Ne5 Nxe5 13. dxe5 0-0 14. Qc2 Bb4 15. a3 Ba5 16. Rad1 Qh4 17. Bd3 Rf7 18. Bxe4 fxe4 19. cxd5 cxd5 20. Qc5 Raf8 21. Qc2 Rf5 22. b4 Bc7 23. Qxc7 Rxf2 24. Rxf2 Qxf2+ 25. Kh1 Qxb2 26. Qd6 Qxa3 27. Qxe6+ Kh7 28. Rxd5 Qc1+ 29. Kh2 Qxe3 30. Qg4 Rf4 31. Qc8 Rf1 32. Qg4 Qg1+ 33. Kg3 Qf2+ 34. Kh2 Qf5 35. Qg3 Rb1 36. b5 Qg6 37. Qf2 Qe6 38. Qd4 Qf5 39. Qe3 Rb2 40. Rc5 Qf3 41. Qg1 e3 42. Rc3 Qf4+ 43. Kh1 Rf2 44. Qb1+ Kg8 45. Rc8+ Kf7 46. Rc7+ Kf8 47. Rc8+ Ke7 48. Rc7+ Kd8 49. Rc1 Qxe5 50. Qd3+ Ke7 51. Re1 Rf4 52. Qa3+ Kf6 53. Qxa7 e2 54. Qb6+ Kg5 55. Kg1 Qe4 56. Qc5+ Kh4 57. Qc3 Rf6 58. Qd2 Re6 59. Qc3 Qe3+ 60. Qxe3 Rxe3 61. Kf2 Rb3 62. Rxe2 Rxb5 63. Re7 g6 64. Re6 Kg5 65. g3 Rb2+ 66. Kf3 Rb3+ 67. Kf2 Kf5 68. Rd6 b5 69. Rd5+ Ke6 70. Rc5 h5 71. Rc6+ Kf5 72. Rc5+ Kf6 73. Rc6+ Kg7 74. Rb6 b4 75. Kg2 Rb1 76. Kh2 b3 77. Kg2 g5 78. Kh2 Kf7 79. Kg2 Kg7 80. Kh2 Rb2+ 81. Kg1 Kf7 82. Kf1 Rh2 83. Rxb3 Rxh3 84. Kg2 g4 85. Rb4 Kf6 86. Rc4 Ke5 87. Rf4 Kd5 88. Ra4 Ke6 89. Rb4 Kf5 90. Rb5+ Kg6 91. Rb4 Kg5 92. Rb5+ Kf6 93. Rb4 Ke5 94. Rf4 Ke6 95. Rb4 Kf6 96. Ra4 Kf5 97. Ra5+ Ke4 98. Rg5 Kd4 99. Rg8 Ke5 100. Re8+ Kf5 101. Rf8+ Kg5 102. Rg8+ Kf6 103. Rf8+ Kg7 104. Rf4 Kh6 105. Ra4 Kg5 1/2-1/2

[Event "Myrhorod op"]
[Site "Myrhorod"]
[Date "2011.07.11"]
[Round "4"]
[White "Polishchuk, Oleg"]
[Black "Kazakov, Maksym"]
[Result "1-0"]
[WhiteElo "2215"]
[BlackElo "1937"]
[PlyCount "69"]
[EventDate "2011.07.09"]
[EventType "swiss"]
[EventRounds "9"]
[EventCountry "UKR"]
[SourceTitle "CBM 143 Extra"]
[Source "ChessBase"]
[SourceDate "2011.08.29"]
[SourceVersion "1"]
[SourceVersionDate "2011.08.29"]
[SourceQuality "1"]

1. c4 e5 2. Nc3 Nf6 3. g3 Bb4 4. Bg2 Nc6 5. b3 Bxc3 6. dxc3 d6 7. e4 h6 8. h3 Be6 9. Be3 0-0 10. g4 Qd7 11. Ne2 a6 12. Ng3 b5 13. g5 hxg5 14. Bxg5 Nh7 15. Be3 bxc4 16. Nf5 Ne7 17. h4 cxb3 18. axb3 Rab8 19. Nxe7+ Qxe7 20. b4 f5 21. exf5 Bxf5 22. Rxa6 c5 23. Qa4 Bd3 24. Ra7 Qe6 25. Rg1 Rf7 26. Rxf7 Qxf7 27. Qc6 e4 28. Bxe4 Bxe4 29. Qxe4 d5 30. Qe5 Ra8 31. Rg3 Ra1+ 32. Ke2 Ra2+ 33. Kf1 d4 34. cxd4 Qc4+ 35. Kg2 1-0

[Event "Myrhorod op"]
[Site "Myrhorod"]
[Date "2011.07.11"]
[Round "5"]
[White "Polishchuk, Oleg"]
[Black "Modlo, Alexey"]
[Result "1-0"]
[WhiteElo "2215"]
[BlackElo "2065"]
[PlyCount "65"]
[EventDate "2011.07.09"]
[EventType "swiss"]
[EventRounds "9"]
[EventCountry "UKR"]
[SourceTitle "CBM 143 Extra"]
[Source "ChessBase"]
[SourceDate "2011.08.29"]
[SourceVersion "1"]
[SourceVersionDate "2011.08.29"]
[SourceQuality "1"]

1. c4 Nf6 2. g3 c6 3. Bg2 d5 4. cxd5 cxd5 5. Nf3 Nc6 6. 0-0 e5 7. d4 e4 8. Ne5 Qb6 9. Nxc6 Qxc6 10. Nc3 Be7 11. Bf4 0-0 12. Rc1 Qd7 13. Qb3 a6 14. Na4 Bd8 15. Nb6 Bxb6 16. Qxb6 Qa4 17. a3 Bg4 18. Rfe1 Rac8 19. h3 Rxc1 20. Bxc1 Bxe2 21. Qxb7 Qxd4 22. Be3 Qd3 23. Rc1 d4 24. Bg5 e3 25. fxe3 dxe3 26. Rc8 Bg4 27. Rxf8+ Kxf8 28. Qb8+ Ne8 29. hxg4 e2 30. Qb4+ Kg8 31. Kf2 h6 32. Qd2 Qb5 33. Be3 1-0